000 00860 a2200277 4500
003 KOHA
005 20260408095455.0
008 260407b tu ||||| |||| 00| 0 tur d
020 _a9786255952967
040 _aTR-AnABB
_btur
_cTR-AnABB
041 _atur
082 _a320.9496
_bOZE 2022
100 1 _aÖzen, Çınar
245 1 0 _aBöl̲gesel politika Balkanlar :
_bOrta Çağ'dan soğuk savaş dönemine /
_cÇınar Özen, Cihan Özgün, Fırat Yaldız
246 _aBalkanlar
260 _aKonya :
_bNEU,
_c2025
300 _a309 sayfa ;
_c20 cm
500 _aDizin vardır
500 _aKaynakça vardır
500 _aYazar tarafından imzalı
650 0 4 _aSiyasi durum ve şartlar
650 0 4 _aSiyasi durum ve şartlar, Balkanlar
700 1 _aÖzgün, Cihan
_93355
700 1 _aYaldız, Fırat
_93356
942 _2ddc
_cBK
999 _c10177
_d10177
900 _bCan ÇELIK